[Event "Caparica op 2nd"]
[Site "Caparica"]
[Date "2017.06.25"]
[Round "6"]
[White "Stelian, Turta"]
[Black "Abreu, Joao Miguel Silvest"]
[Result "1-0"]
[WhiteElo "1916"]
[BlackElo "1374"]
[PlyCount "99"]
[EventDate "2017.06.21"]
[EventType "swiss"]
[EventRounds "7"]
[EventCountry "POR"]
[SourceTitle "EXT 2018"]
[Source "ChessBase"]
[SourceDate "2017.10.13"]
[SourceVersion "1"]
[SourceVersionDate "2017.10.13"]
[SourceQuality "1"]

1. d4 d5 2. Bf4 Nc6 3. e3 Bf5 4. Bd3 Bxd3 5. Qxd3 Nf6 6. Nf3 e6 7. 0-0 Be7 8. Qb5 Rb8 9. Ne5 0-0 10. Nd2 Nh5 11. Ndf3 Nxf4 12. exf4 Qd6 13. c3 f6 14. Nd3 a6 15. Qb3 Na5 16. Qd1 Nc4 17. b3 Nb6 18. Re1 Qd7 19. Qe2 Rfe8 20. Qxe6+ Qxe6 21. Rxe6 Bd6 22. Rae1 Kf7 23. f5 g6 24. fxg6+ hxg6 25. Rxe8 Rxe8 26. Rxe8 Kxe8 27. h3 Ke7 28. Kf1 Nd7 29. Ke2 c5 30. Ke3 Ke6 31. Nf4+ Bxf4+ 32. Kxf4 cxd4 33. cxd4 b5 34. h4 f5 35. Ne1 Nf6 36. f3 Nh5+ 37. Kg5 Kf7 38. Nd3 Ng3 39. Ne5+ Ke6 40. Kxg6 Ne2 41. h5 Nxd4 42. Nd3 Nc6 43. h6 Ne7+ 44. Kg7 Nc6 45. h7 a5 46. h8Q Nb4 47. Qh6+ Kd7 48. Nc5+ Ke7 49. Qe6+ Kd8 50. Qd7# 1-0

[Event "Lisbon Portugal op"]
[Site "Lisbon"]
[Date "2017.02.05"]
[Round "4"]
[White "Damjanovic, Vuk"]
[Black "Stelian, Turta"]
[Result "1-0"]
[WhiteElo "1550"]
[BlackElo "1928"]
[PlyCount "113"]
[EventDate "2017.02.04"]
[EventType "swiss"]
[EventRounds "9"]
[EventCountry "POR"]
[SourceTitle "CBM 176 Extra"]
[Source "ChessBase"]
[SourceDate "2017.03.02"]
[SourceVersion "1"]
[SourceVersionDate "2017.03.02"]
[SourceQuality "1"]

1. d4 d5 2. c4 e6 3. Nc3 Nf6 4. cxd5 exd5 5. Bg5 Nbd7 6. e3 c6 7. Bd3 Qa5 8. Nf3 Ne4 9. Qc2 Nxc3 10. bxc3 h6 11. Bh4 Bd6 12. 0-0 0-0 13. Rfe1 c5 14. Bg3 Bxg3 15. hxg3 c4 16. Bf1 Nf6 17. Nd2 b5 18. e4 Be6 19. e5 Nd7 20. a3 Rab8 21. Be2 Qb6 22. Kh1 f5 23. f4 Qd8 24. Kg1 g5 25. Nf3 Rf7 26. Kf2 Nf8 27. Rh1 Rh7 28. Rh2 Ng6 29. Qd2 g4 30. Nh4 Ne7 31. Rhh1 Qd7 32. Rhb1 Nc6 33. Rb2 Qc7 34. Qc2 Rf7 35. Bxg4 Qd7 36. Be2 Rg7 37. Qd2 Na5 38. Bd1 Nc6 39. Qe2 Bf7 40. Rab1 Ne7 41. a4 a6 42. axb5 axb5 43. Ba4 Qd8 44. Rxb5 Rxb5 45. Rxb5 Be8 46. Rb4 Bxa4 47. Rxa4 Qd7 48. Qa2 Kh7 49. Ra7 Qe6 50. Qa6 Qf7 51. Qf6 Qe8 52. Nxf5 Rf7 53. Qxh6+ Kg8 54. Nxe7+ Rxe7 55. Rxe7 Qxe7 56. Qg6+ Kh8 57. Qf6+ 1-0

[Event "Portugal op"]
[Site "Oeiras"]
[Date "2015.09.01"]
[Round "4"]
[White "Nogueira, Diana Sofia Cunha"]
[Black "Stelian, Turta"]
[Result "0-1"]
[WhiteElo "1691"]
[BlackElo "1905"]
[PlyCount "94"]
[EventDate "2015.08.30"]
[EventType "swiss"]
[EventRounds "9"]
[EventCountry "POR"]
[SourceTitle "EXT 2016"]
[Source "ChessBase"]
[SourceDate "2015.10.08"]
[SourceVersion "1"]
[SourceVersionDate "2015.10.08"]
[SourceQuality "1"]

1. e4 c6 2. d4 d5 3. exd5 cxd5 4. Bd3 Nc6 5. c3 Qc7 6. Ne2 Bg4 7. f3 Bh5 8. Bf4 Qb6 9. Qb3 Qxb3 10. axb3 e6 11. 0-0 Bg6 12. Bxg6 hxg6 13. Na3 Bxa3 14. Rxa3 Nge7 15. Raa1 Nc8 16. Nc1 0-0 17. Nd3 b6 18. Rfe1 Re8 19. Re2 Na5 20. Nb4 Ne7 21. Na6 Rac8 22. b4 Nac6 23. Nc7 Red8 24. b5 Na5 25. b4 Nc4 26. Rxa7 Rd7 27. Rea2 e5 28. Na8 Rxa7 29. Rxa7 exf4 30. Nxb6 Nxb6 31. Rxe7 Rxc3 32. Rb7 Nc4 33. Rd7 Rb3 34. Rxd5 Rxb4 35. Rc5 Nd6 36. Rd5 Nxb5 37. Rd8+ Kh7 38. d5 Rd4 39. Rd7 f6 40. Rd8 g5 41. Kf2 Kg6 42. Rd7 Nc3 43. d6 Nb5 44. g3 Nxd6 45. Kg2 Nf5 46. Ra7 Ne3+ 47. Kg1 Rd2 0-1